Εισαγωγή στον προγραμματισμό

Αποθηκεύτηκε σε:
Λεπτομέρειες βιβλιογραφικής εγγραφής
Κύριοι συγγραφείς: Αντωνοπούλου, Ήρα, Βογιατζής, Ιωάννης (Συγγραφέας)
Μορφή: Βιβλίο
Γλώσσα:Greek
Δημοσίευση: Αθήνα : Εκδόσεις Τσότρας, c2018.
Έκδοση:2η εκδ.
Θέματα:
Ετικέτες: Προσθήκη ετικέτας
Δεν υπάρχουν, Καταχωρήστε ετικέτα πρώτοι!

MARC

LEADER 00000cam a2200000 a 4500
001 1/122437
008 210112t2018####gr | ||| |||| ||gre||
020 |a 9786185309473 
040 |a GR-MyUa  |b gre  |c GR-MyUa  |e AACR2 
041 0 |a gre 
082 7 |a 005.13   |2 (23) 
100 1 |a Αντωνοπούλου, Ήρα. 
245 1 0 |a Εισαγωγή στον προγραμματισμό /   |c Αντωνοπούλου Η., Βογιατζής Ι.  
250 |a 2η εκδ.  
260 |a Αθήνα :   |b Εκδόσεις Τσότρας,   |c c2018.  
300 |a 908 σ. ;   |c 29 εκ.  
504 |a Βιβλιογραφία: σ. 907-908.  
650 0 |a Computer programs 
650 0 |a Programming languages (Electronic computers) 
700 1 |a Βογιατζής, Ιωάννης,  |e aut 
852 |a INST  |b SAMOS  |c EUDOXUS  |e 20210112  |h 005.13 ΑΝΤ  |p 005300046685  |q 005300046685  |t EDX  |y 0 
920 |a Εύδοξος  |b Παραγγελία  |y Σάμος-ΤΜΠΕΣ  |z 2020-12 
970 |a Φιλιππή  |b Φάλη  |z 12-01-2021